000 00893nam a2200277Ia 4500
001 Para_8651
003 CHAP
008 220125s1920 xx 000 0 und d
010 _a207462
040 _cCHAP
082 _aPA-C 595.752 A6
110 _aVirginia Polytechnic Institute. Agricultural Experiment Station
_9119922
245 _aAnnual report 1918-1919 /
_c by Virginia Polytechnic Institute. Agricultural Experiment Station
260 _aLynchburg, Va. :
_b El Instituto
300 _a64 p.
440 _aAphidae; 29
_9174058
500 _aEncuadernado con otros impresos similares
650 _a
_x Afididos
_x Colecciones de escritos
_x Agricultura
_x investigación
_9174059
901 _aPA-C 595.752 A6
902 _aA
905 _a0000001920 0000000000 00
910 _a1920
942 _cPARA
942 _cPARA
_d1
999 _c207462
_d207462